MARC details
| 000 -LEADER |
| fixed length control field |
01757nam a2200457 a 4500 |
| 001 - CONTROL NUMBER |
| control field |
20469 |
| 003 - CONTROL NUMBER IDENTIFIER |
| control field |
VRT |
| 005 - DATE AND TIME OF LATEST TRANSACTION |
| control field |
20260122144413.0 |
| 008 - FIXED-LENGTH DATA ELEMENTS--GENERAL INFORMATION |
| fixed length control field |
961209q1995 xo d n 000 d slo d |
| 020 ## - INTERNATIONAL STANDARD BOOK NUMBER |
| International Standard Book Number |
8088834317 (brož.) |
| 035 ## - SYSTEM CONTROL NUMBER |
| System control number |
UKB000210384 |
| 039 #9 - LEVEL OF BIBLIOGRAPHIC CONTROL AND CODING DETAIL [OBSOLETE] |
| Level of rules in bibliographic description |
200612130913 |
| Level of effort used to assign nonsubject heading access points |
muro |
| Level of effort used to assign subject headings |
200612051300 |
| Level of effort used to assign classification |
zofia |
| Level of effort used to assign subject headings |
200612050916 |
| Level of effort used to assign classification |
argo |
| Level of effort used to assign subject headings |
200609080838 |
| Level of effort used to assign classification |
bartovic |
| 040 ## - CATALOGING SOURCE |
| Original cataloging agency |
BAA001 |
| Language of cataloging |
slo |
| Transcribing agency |
BAA001 |
| Description conventions |
AACR2 |
| 041 1# - LANGUAGE CODE |
| Language code of text/sound track or separate title |
slo |
| Language code of original |
fre |
| 044 ## - COUNTRY OF PUBLISHING/PRODUCING ENTITY CODE |
| MARC country code |
xo |
| ISO country code |
SK |
| 072 #7 - SUBJECT CATEGORY CODE |
| Subject category code |
821.133.1-2 |
| Subject category code subdivision |
Francúzska dráma, francúzsky písaná |
| Source |
konspekt |
| 080 ## - UNIVERSAL DECIMAL CLASSIFICATION NUMBER |
| Universal Decimal Classification number |
821.133.1-2 |
| Edition identifier |
1997 |
| 080 ## - UNIVERSAL DECIMAL CLASSIFICATION NUMBER |
| Universal Decimal Classification number |
(0:82-22) |
| Edition identifier |
1997 |
| 100 1# - MAIN ENTRY--PERSONAL NAME |
| Personal name |
Molière, |
| Dates associated with a name |
1622-1673 |
| 245 10 - TITLE STATEMENT |
| Title |
Tartuffe ; Lakomec |
| Statement of responsibility, etc. |
Moliere ; [preložil Ján Poničan] |
| 260 ## - PUBLICATION, DISTRIBUTION, ETC. |
| Place of publication, distribution, etc. |
Rohovce |
| Name of publisher, distributor, etc. |
Interpopulart Slovakia |
| Date of publication, distribution, etc. |
[1995] |
| 300 ## - PHYSICAL DESCRIPTION |
| Extent |
126 s |
| 490 1# - SERIES STATEMENT |
| Series statement |
Študentská knižnica |
| Volume/sequential designation |
32 |
| 490 1# - SERIES STATEMENT |
| Series statement |
Populart. Klasicistická dráma |
| 500 ## - GENERAL NOTE |
| General note |
NA.46-2006 - fotokópia s obál. tit. listom, chýb. s. 1-4, vydav. údaje |
| Institution to which field applies |
ukb |
| 504 ## - BIBLIOGRAPHY, ETC. NOTE |
| Bibliography, etc. note |
Bibliogr. s. 125 |
| 653 ## - INDEX TERM--UNCONTROLLED |
| Uncontrolled term |
821.133.1-2 |
| 653 ## - INDEX TERM--UNCONTROLLED |
| Uncontrolled term |
(0:82-22) |
| 655 #7 - INDEX TERM--GENRE/FORM |
| Genre/form data or focus term |
francúzske drámy |
| Source of term |
UKBPH |
| 655 #7 - INDEX TERM--GENRE/FORM |
| Genre/form data or focus term |
komédie |
| Source of term |
UKBPH |
| 700 1# - ADDED ENTRY--PERSONAL NAME |
| Personal name |
Poničan, Ján, |
| Dates associated with a name |
1902-1978 |
| Relationship |
trl |
| 740 02 - ADDED ENTRY--UNCONTROLLED RELATED/ANALYTICAL TITLE |
| Uncontrolled related/analytical title |
Lakomec |
| 830 #0 - SERIES ADDED ENTRY--UNIFORM TITLE |
| Uniform title |
Populart |
| Name of part/section of a work |
Klasicistická dráma |
| 830 #0 - SERIES ADDED ENTRY--UNIFORM TITLE |
| Uniform title |
Študentská knižnica |
| Volume/sequential designation |
32 |
| 910 ## - USER-OPTION DATA (OCLC) |
| User-option data |
ukb |
| 942 ## - ADDED ENTRY ELEMENTS (KOHA) |
| Source of classification or shelving scheme |
Dewey Decimal Classification |
| Koha item type |
Krásna literatúra pre dospelých |
| Suppress in OPAC |
No |
| 949 ## - LOCAL PROCESSING INFORMATION (OCLC) |
| 6 |
1800314327 |
| a |
30.D.66684 |
| b |
NA.46-2006 |
| o |
čitateľská strata č.47-2010 |
| s |
6705:20100719 |
| 949 ## - LOCAL PROCESSING INFORMATION (OCLC) |
| 6 |
1800009256 |
| a |
30.D.66684 |
| b |
PV.5683-96 |
| s |
4705:20260121 |
| 949 ## - LOCAL PROCESSING INFORMATION (OCLC) |
| 6 |
1800009255 |
| a |
SL.D.24707 |
| b |
PV.5684-96 |
| o |
Prosím o prednostné upozornenie pri vrátení na knihu zo služobných dôvodov. Pekne ďakujem,Blšťáková /kl.458/. |
| 949 ## - LOCAL PROCESSING INFORMATION (OCLC) |
| 6 |
1800065042 |
| a |
30.D.66684 |
| b |
NA.242-99 |
| o |
čitateľská strata č.86-2007 |
| s |
6705:20061219 |